| 000 | 00516nam a2200217Ia 4500 | ||
|---|---|---|---|
| 003 | 0100 | ||
| 008 | 130303s9999 xx 000 0 und d | ||
| 020 | _a0395444845 | ||
| 040 | _cARRUPELIB | ||
| 050 | _aBF698.4.R57 1987 | ||
| 100 | _aRiso, Don Richard | ||
| 245 | _aPersonality types | ||
| 245 | _busing the Enneagram for self-discovery | ||
| 260 | _aBoston | ||
| 260 | _bHoughton Mifflin Company | ||
| 260 | _C1987 | ||
| 300 | _axii | ||
| 300 | _b 370p. 22cm. | ||
| 650 | _aPSYCHOLOGY | ||
| 942 | 0 | 0 | _04 |
| 999 |
_c22428 _d22428 |
||